[Event "Ann Arbor (MI Op/7)"]
[Site "?"]
[Date "1983.??.??"]
[Round "?"]
[White "Alaton, I.."]
[Black "Bagherabadi, Mohammed"]
[Result "0-1"]
[WhiteElo "1790"]
[BlackElo "1920"]
[PlyCount "76"]
[EventDate "1983.??.??"]

1. Nf3 f5 2. d4 Nf6 3. c4 e6 4. a3 Be7 5. Bg5 O-O 6. Nc3 b6 7. e3 Bb7 8. Be2 d6
9. b4 Nbd7 10. Qb3 Ne4 11. Bxe7 Qxe7 12. O-O Rf6 13. Rfd1 Raf8 14. d5 e5 15.
Nb5 f4 16. Nxc7 fxe3 17. fxe3 Rh6 18. Qd3 Nef6 19. e4 Nh5 20. Ne6 Nf4 21. Nxf4
exf4 22. Qd4 g5 23. c5 bxc5 24. bxc5 Nxc5 25. Bc4 g4 26. Nd2 Qh4 27. Nf1 f3 28.
Rd2 g3 29. gxf3 Rxf3 30. Rg2 Bc8 31. Nxg3 Rg6 32. Raa2 Bh3 33. Rab2 Bxg2 34.
Rb8+ Rf8 35. Rxf8+ Kxf8 36. Kxg2 Nxe4 37. Qe3 Nxg3 38. hxg3 Qxc4 0-1

[Event "Saginaw Mini-Swiss"]
[Site "Saginaw, Mich."]
[Date "1983.01.29"]
[Round "3"]
[White "Moody, David"]
[Black "Wood, Pete"]
[Result "1-0"]
[WhiteElo "1866"]
[BlackElo "1663"]
[PlyCount "63"]
[EventDate "1983.01.29"]

1. e4 e6 2. d3 d5 3. Nd2 dxe4 4. dxe4 e5 5. Ngf3 Bd6 6. g3 Nf6 7. Bg2 Nc6 8.
O-O O-O 9. Qe2 Re8 10. c3 Bg4 11. h3 Bxf3 12. Nxf3 Bf8 13. Nh4 g6 14. Bg5 Bg7
15. Rad1 Qe7 16. Qe3 Rad8 17. Rxd8 Rxd8 18. f4 exf4 19. Qxf4 Rd6 20. Re1 Qe5
21. Qe3 Qe7 22. e5 Nxe5 23. Bxb7 Re6 24. Qf2 Nd3 25. Rxe6 Qxe6 26. Qxa7 Nxb2
27. Qb8+ Qe8 28. Qxc7 h6 29. Bd2 Ne4 30. Bc6 Qe6 31. Bxe4 Qxe4 32. Qb8+ 1-0

[Event "Saginaw Mini-Swiss"]
[Site "Saginaw, Mich."]
[Date "1983.01.29"]
[Round "1"]
[White "Moody, David"]
[Black "Snyder, Russ"]
[Result "1-0"]
[WhiteElo "1866"]
[BlackElo "1709"]
[PlyCount "75"]
[EventDate "1983.01.29"]

1. e4 c6 2. d3 d5 3. Nd2 e5 4. Ngf3 Bd6 5. g3 Be6 6. Bg2 Nf6 7. O-O Qd7 8. Re1
h6 9. exd5 cxd5 10. Nxe5 Qc7 11. Qe2 O-O 12. Nb3 Nbd7 13. Bf4 Nxe5 14. Bxe5
Bxe5 15. Qxe5 Qxc2 16. Nd4 Qc8 17. Rac1 Qd7 18. Rc7 Rfe8 19. Rxd7 Bxd7 20. Ne6
Rxe6 21. Qc3 Rae8 22. Rxe6 Rxe6 23. Kf1 Bc6 24. Qa5 a6 25. Bh3 Re8 26. a4 Nh7
27. b4 Nf6 28. b5 axb5 29. axb5 Bd7 30. Bxd7 Nxd7 31. Qc7 Ne5 32. Qxb7 g5 33.
Qxd5 g4 34. b6 Nf3 35. Qa5 Nxh2+ 36. Kg2 Nf3 37. b7 Kg7 38. Qb4 1-0

[Event "Saginaw Mini-Swiss"]
[Site "Saginaw, Mich."]
[Date "1983.01.29"]
[Round "2"]
[White "Long, Randy"]
[Black "Moody, David"]
[Result "1-0"]
[WhiteElo "1841"]
[BlackElo "1866"]
[PlyCount "91"]
[EventDate "1983.01.29"]

1. d4 f5 2. Bg5 g6 3. h4 Bg7 4. Nf3 c5 5. c3 Qb6 6. Qc2 Nf6 7. Bxf6 Bxf6 8. h5
Nc6 9. e3 d5 10. hxg6 hxg6 11. Rxh8+ Bxh8 12. Nh4 cxd4 13. exd4 Nxd4 14. Qd2
Nc6 15. Nxg6 Bf6 16. Qe2 Bd7 17. Qb5 Qxb5 18. Bxb5 e5 19. g3 Kf7 20. Nh4 Bxh4
21. gxh4 Rh8 22. Nd2 Rxh4 23. O-O-O Rf4 24. Nb3 Rxf2 25. Rxd5 Be8 26. Bxc6 Bxc6
27. Rxe5 Be4 28. Nd2 Bc6 29. Kd1 Kf6 30. Rc5 Kg5 31. Ke1 Rh2 32. b4 a6 33. a3
Kg4 34. c4 f4 35. b5 axb5 36. cxb5 Bf3 37. Rg5+ Kh3 38. Nxf3 Ra2 39. Rg7 Rxa3
40. Kf2 Ra2+ 41. Kf1 b6 42. Rf7 Rb2 43. Nd4 Rb4 44. Rxf4 Rb1+ 45. Kf2 Rb4 46.
Ke3 1-0

[Event "Trenton Quads (February)"]
[Site "Trenton, Mich."]
[Date "1983.02.20"]
[Round "1"]
[White "Moody, David"]
[Black "Sveen, Larry"]
[Result "1/2-1/2"]
[WhiteElo "1942"]
[BlackElo "1842"]
[PlyCount "42"]
[EventDate "1983.02.20"]

1. e4 e6 2. d3 c5 3. Nf3 Nc6 4. g3 d5 5. Nbd2 Nf6 6. Bg2 b6 7. O-O Be7 8. Re1
Bb7 9. c3 Qc7 10. Nf1 O-O-O 11. Bf4 Qd7 12. Qe2 dxe4 13. dxe4 Qd3 14. Ng5 Qxe2
15. Rxe2 Rhf8 16. Bh3 Ba6 17. Rd2 Rxd2 18. Nxd2 Kb7 19. Rd1 h6 20. Ngf3 g5 21.
e5 Nd5 1/2-1/2

[Event "Trenton Quads (February)"]
[Site "Trenton, Mich."]
[Date "1983.02.20"]
[Round "3"]
[White "Moody, David"]
[Black "Bemben, Robert"]
[Result "0-1"]
[WhiteElo "1942"]
[BlackElo "1828"]
[PlyCount "90"]
[EventDate "1983.02.20"]

1. e4 c6 2. d3 d5 3. Nd2 Nd7 4. Qe2 dxe4 5. Nxe4 Ndf6 6. Bg5 Bg4 7. Nxf6+ Nxf6
8. Nf3 e6 9. h3 Bh5 10. g4 Bg6 11. O-O-O Qc7 12. Ne5 Bd6 13. d4 c5 14. Nxg6
hxg6 15. d5 Bf4+ 16. Bxf4 Qxf4+ 17. Kb1 O-O-O 18. dxe6 Rxd1+ 19. Qxd1 fxe6 20.
Qe2 e5 21. Bg2 Rd8 22. Qf3 Qxf3 23. Bxf3 Rd2 24. Rf1 e4 25. Bh1 g5 26. Kc1 Rd6
27. Re1 Re6 28. Kd2 Kd7 29. Kc3 b5 30. a3 Kd6 31. b4 Nd5+ 32. Kd2 cxb4 33. axb4
Nxb4 34. Rxe4 Rxe4 35. Bxe4 Nd5 36. Bd3 Kc5 37. Bf1 a5 38. Kc1 b4 39. Kb2 a4
40. Ka2 Nc3+ 41. Kb2 Nd1+ 42. Ka2 Nxf2 43. Kb2 Nd1+ 44. Ka2 Kd4 45. Bb5 Nc3+
0-1

[Event "Trenton Quads (February)"]
[Site "Trenton, Mich."]
[Date "1983.02.20"]
[Round "2"]
[White "McCue, Mark"]
[Black "Moody, David"]
[Result "0-1"]
[WhiteElo "1950"]
[BlackElo "1942"]
[PlyCount "36"]
[EventDate "1983.02.20"]

1. e4 e5 2. Nf3 Nc6 3. Bc4 Nf6 4. d4 exd4 5. O-O Bc5 6. e5 d5 7. exf6 dxc4 8.
Bg5 gxf6 9. Re1+ Be6 10. Bh4 Be7 11. Nbd2 Qd5 12. Ne4 O-O-O 13. Nxf6 Qf5 14.
Ne4 Rhg8 15. Bxe7 Nxe7 16. Ng3 Qf6 17. Nh5 Qg6 18. Nf4 Qg4 0-1

[Event "8th Ann Arbor Open"]
[Site "Ann Arbor, Mich."]
[Date "1983.02.26"]
[Round "2"]
[White "Steffens, Gordon"]
[Black "Moody, David"]
[Result "0-1"]
[WhiteElo "1491"]
[BlackElo "1866"]
[PlyCount "56"]
[EventDate "1983.02.26"]

1. d4 f5 2. f4 Nf6 3. c4 e6 4. Nc3 Bb4 5. Bd2 Bxc3 6. Bxc3 Ne4 7. Nf3 O-O 8. e3
b6 9. Bb4 c5 10. dxc5 bxc5 11. Bd2 Bb7 12. Bd3 Nxd2 13. Qxd2 Nc6 14. O-O Qf6
15. Be2 Rad8 16. a3 a5 17. Rab1 d5 18. cxd5 exd5 19. Qc3 d4 20. Qxc5 dxe3 21.
Qxe3 Rfe8 22. Qb3+ Kh8 23. Bc4 Ba8 24. Rbe1 Nd4 25. Rxe8+ Rxe8 26. Nxd4 Qxd4+
27. Kh1 Qd2 28. Rg1 Qxg2+ 0-1

[Event "8th Ann Arbor Open"]
[Site "Ann Arbor, Mich."]
[Date "1983.02.26"]
[Round "1"]
[White "Moody, David"]
[Black "Morris, Jason"]
[Result "0-1"]
[WhiteElo "1866"]
[BlackElo "1407"]
[PlyCount "30"]
[EventDate "1983.02.26"]

1. e4 d5 2. exd5 Nf6 3. d4 Nxd5 4. Bc4 Bf5 5. Nc3 Nxc3 6. bxc3 e6 7. Rb1 Bd6 8.
Rxb7 Be4 9. Rxb8 Rxb8 10. Nf3 Qf6 11. Qe2 Bxf3 12. gxf3 Bf4 13. Bb5+ Kd8 14.
Bxf4 Qxf4 15. a4 a6 0-1

[Event "8th Ann Arbor Open"]
[Site "Ann Arbor, Mich."]
[Date "1983.02.26"]
[Round "3"]
[White "Moody, David"]
[Black "Beane, Joe"]
[Result "1-0"]
[WhiteElo "1866"]
[BlackElo "1517"]
[PlyCount "75"]
[EventDate "1983.02.26"]

1. e4 e5 2. Nf3 d6 3. d4 Nd7 4. Bc4 h6 5. dxe5 Qe7 6. Nc3 dxe5 7. Be3 c6 8. Qd2
Ngf6 9. O-O-O b5 10. Bxb5 cxb5 11. Nxb5 Qd8 12. Nxe5 Bb7 13. Nd6+ Bxd6 14. Qxd6
Bxe4 15. Rhe1 Qe7 16. Qxe7+ Kxe7 17. Nxd7 Nxd7 18. Bd4 f6 19. Rxe4+ Kf7 20.
Rde1 Nb6 21. Re7+ Kg6 22. Bxb6 axb6 23. a3 b5 24. Rb7 Ra5 25. Ree7 Rg8 26. Kd2
Rd8+ 27. Kc3 Rc8+ 28. Kb4 Raa8 29. Rxg7+ Kf5 30. Rxb5+ Ke6 31. c4 Rd8 32. f4
Rd4 33. f5+ Kd6 34. Rgb7 Rc8 35. R7b6+ Ke7 36. Re6+ Kf7 37. b3 Rd7 38. Rbb6 1-0

[Event "8th Ann Arbor Open"]
[Site "Ann Arbor, Mich."]
[Date "1983.02.27"]
[Round "5"]
[White "Moody, David"]
[Black "Steen, Harold"]
[Result "1-0"]
[WhiteElo "1866"]
[BlackElo "1406"]
[PlyCount "69"]
[EventDate "1983.02.26"]

1. e4 c6 2. d3 d5 3. Nd2 dxe4 4. dxe4 e6 5. Ngf3 g6 6. g3 Bg7 7. Bg2 Ne7 8. Qe2
O-O 9. O-O Nd7 10. c3 Nf6 11. Nc4 b6 12. Rd1 Nd7 13. Nd6 Kh8 14. Qd3 Qc7 15.
Be3 Ne5 16. Nxe5 Bxe5 17. Bh6 Bg7 18. Bxg7+ Kxg7 19. Qd4+ Kg8 20. Qf6 Ba6 21.
Rd2 c5 22. Rad1 Nc6 23. e5 Rab8 24. f4 c4 25. g4 b5 26. f5 exf5 27. Nxf5 gxf5
28. Bxc6 Qb6+ 29. Kf1 Qe3 30. gxf5 Qf4+ 31. Rf2 Qg4 32. Rg2 h5 33. Rxg4+ hxg4
34. Rd4 Bc8 35. Rxg4+ 1-0

[Event "8th Ann Arbor Open"]
[Site "Ann Arbor, Mich."]
[Date "1983.02.27"]
[Round "4"]
[White "Mitchell, Steve"]
[Black "Moody, David"]
[Result "1-0"]
[WhiteElo "1838"]
[BlackElo "1866"]
[PlyCount "93"]
[EventDate "1983.02.26"]

1. Nc3 d5 2. e4 d4 3. Nb1 e5 4. Bc4 Nf6 5. d3 Be7 6. f4 Nc6 7. a3 Bg4 8. Nf3
Nh5 9. f5 g6 10. fxg6 hxg6 11. Rf1 Nf4 12. Bxf4 exf4 13. h3 Bh4+ 14. Kd2 Bh5
15. Kc1 Ne5 16. Nbd2 Qe7 17. Kb1 O-O 18. Qc1 Bxf3 19. Nxf3 Nxf3 20. Rxf3 Bg3
21. Ka2 a6 22. c3 c5 23. Bd5 Rab8 24. c4 Rfc8 25. Qd2 Qd6 26. b3 b5 27. h4 Kg7
28. Rh1 Rh8 29. Rh3 Rh5 30. Rhxg3 fxg3 31. Rxf7+ Kh8 32. Qf4 Qxf4 33. Rxf4 bxc4
34. Bxc4 g5 35. Rf5 Rxh4 36. Rxg5 Rf8 37. b4 Rf2+ 38. Kb3 Rxg2 39. bxc5 Rhh2
40. c6 Rb2+ 41. Ka4 Rh6 42. c7 Rc6 43. Rg8+ Kh7 44. c8=Q Rxc8 45. Rxc8 Rb7 46.
Bg8+ Kh6 47. Bd5 1-0

[Event "East Detroit Tornado (March)"]
[Site "East Detroit, Mich."]
[Date "1983.03.12"]
[Round "2"]
[White "Selitsky, Benson"]
[Black "Moody, David"]
[Result "0-1"]
[WhiteElo "1799"]
[BlackElo "1942"]
[PlyCount "42"]
[EventDate "1983.03.12"]

1. e4 e5 2. Nf3 Nc6 3. Bb5 a6 4. Ba4 Nf6 5. O-O Be7 6. Re1 b5 7. Bb3 O-O 8. d3
d6 9. a4 Bg4 10. c3 Qd7 11. d4 Bxf3 12. gxf3 exd4 13. cxd4 Qh3 14. Re3 Nh5 15.
axb5 axb5 16. Rxa8 Rxa8 17. Bd5 Nf4 18. Qf1 Ra1 19. Bxc6 Rxb1 20. Rc3 Rxc1 21.
Rxc1 Qxf3 0-1

[Event "East Detroit Tornado (March)"]
[Site "East Detroit, Mich."]
[Date "1983.03.12"]
[Round "1"]
[White "Moody, David"]
[Black "Swathell, Gary"]
[Result "1-0"]
[WhiteElo "1942"]
[BlackElo "1509"]
[PlyCount "73"]
[EventDate "1983.03.12"]

1. e4 c5 2. Nf3 Nc6 3. d4 cxd4 4. Nxd4 d6 5. Bc4 Nf6 6. Nc3 e6 7. Bb3 Be7 8.
Be3 O-O 9. Qe2 Nxd4 10. Bxd4 b6 11. O-O-O Bb7 12. e5 dxe5 13. Qxe5 Ne8 14. Bc5
Qxd1+ 15. Rxd1 Bxc5 16. Ne4 Bxe4 17. Qxe4 Nf6 18. Qe2 Rad8 19. f3 Rc8 20. c3
Rfd8 21. Qa6 Rxd1+ 22. Kxd1 Rd8+ 23. Ke2 Rd7 24. Qc8+ Bf8 25. Ba4 Rd5 26. b4 g6
27. Qb8 Kg7 28. Qxa7 Re5+ 29. Kd2 Nd5 30. Be8 Rf5 31. a4 Nxb4 32. cxb4 Bxb4+
33. Ke2 Bc5 34. g4 Rf4 35. a5 Rb4 36. Qxf7+ Kh6 37. h4 1-0

[Event "East Detroit Tornado (March)"]
[Site "East Detroit, Mich."]
[Date "1983.03.12"]
[Round "3"]
[White "Moody, David"]
[Black "Kell, Matt"]
[Result "0-1"]
[WhiteElo "1942"]
[BlackElo "2021"]
[PlyCount "134"]
[EventDate "1983.03.12"]

1. Nf3 Nf6 2. g3 g6 3. Bg2 Bg7 4. O-O O-O 5. d3 c5 6. Nbd2 d6 7. e4 Nbd7 8. a4
Rb8 9. Nc4 b6 10. e5 dxe5 11. Nfxe5 Nxe5 12. Nxe5 Bb7 13. Nc6 Bxc6 14. Bxc6 Nd5
15. Rb1 Qd6 16. Bb5 Rbd8 17. Re1 Nc7 18. Bc4 a6 19. Qe2 b5 20. Bb3 e6 21. Bf4
Qc6 22. Qe4 Qxe4 23. Rxe4 Nd5 24. Be5 Nf6 25. Rf4 Nh5 26. Bxg7 Kxg7 27. Re4 Nf6
28. Re5 Nd7 29. Re4 Nb6 30. a5 Nd5 31. Re5 Rd6 32. c4 Nb4 33. Rxc5 Nxd3 34. Rc7
bxc4 35. Bxc4 Ne5 36. Bf1 Rb8 37. b4 Nf3+ 38. Kg2 Nd2 39. Rd1 Rxb4 40. Rc2 Rbd4
41. Bxa6 Rxa6 42. Rdxd2 Rxd2 43. Rxd2 Rxa5 44. Rd8 Rd5 45. Re8 e5 46. Kf3 Kf6
47. g4 Rd7 48. Rh8 Kg7 49. Re8 f6 50. h4 Kf7 51. Rh8 Ke6 52. h5 gxh5 53. gxh5
Kf5 54. Rg8 e4+ 55. Kg2 Rd2 56. Rg3 Kf4 57. h6 f5 58. Kf1 Rd6 59. Rh3 Rd3 60.
Rh2 Kf3 61. Rh3+ Kg4 62. Rh2 f4 63. Ke2 f3+ 64. Ke1 Ra3 65. Kd2 Ra2+ 66. Ke3
Re2+ 67. Kd4 e3 0-1

[Event "East Detroit Tornado (March)"]
[Site "East Detroit, Mich."]
[Date "1983.03.12"]
[Round "4"]
[White "Moody, David"]
[Black "Groeller, William"]
[Result "0-1"]
[WhiteElo "1942"]
[BlackElo "2039"]
[PlyCount "60"]
[EventDate "1983.03.12"]

1. e4 c5 2. Nf3 Nc6 3. Bb5 g6 4. Bxc6 dxc6 5. d3 Bg7 6. Nc3 e5 7. Be3 Qd6 8. h3
b6 9. a4 Ne7 10. Nd2 Be6 11. O-O O-O 12. Qe2 h6 13. f4 Kh7 14. f5 gxf5 15. exf5
Bxf5 16. Nce4 Qg6 17. Rf3 Nd5 18. Rg3 Qe6 19. Qh5 f6 20. Rxg7+ Kxg7 21. Bxh6+
Kg8 22. Bxf8 Nf4 23. Qh4 Rxf8 24. Rf1 Rf7 25. Rf3 Rg7 26. Nxf6+ Kf7 27. Nde4
Rxg2+ 28. Kf1 Bxe4 29. Nxe4 Qg6 30. Ke1 Re2+ 0-1

[Event "Sponsor's Tournament"]
[Site "Monroe, Mich."]
[Date "1983.03.26"]
[Round "1"]
[White "Moody, David"]
[Black "Hopkins, Jim"]
[Result "1-0"]
[WhiteElo "1942"]
[BlackElo "1624"]
[PlyCount "33"]
[EventDate "1983.03.26"]

1. e4 c5 2. Nf3 e6 3. d3 Nc6 4. g3 Nf6 5. Bg2 Be7 6. O-O O-O 7. Re1 d5 8. e5
Nd7 9. Bf4 f6 10. exf6 Nxf6 11. Ng5 Qb6 12. b3 Nh5 13. Qxh5 h6 14. Nxe6 Bxe6
15. Rxe6 Qa5 16. Bxd5 Rfe8 17. Rxh6+ 1-0

[Event "Sponsor's Tournament"]
[Site "Monroe, Mich."]
[Date "1983.03.26"]
[Round "3"]
[White "Moody, David"]
[Black "Bolda, Daniel G"]
[Result "0-1"]
[WhiteElo "1942"]
[BlackElo "1809"]
[PlyCount "68"]
[EventDate "1983.03.26"]

1. e4 e6 2. d3 d5 3. Nd2 Nf6 4. Ngf3 c5 5. g3 Nc6 6. Bg2 d4 7. O-O e5 8. Nc4
Qc7 9. a4 Be6 10. Bg5 Nxe4 11. Ncxe5 Nxg5 12. Nxc6 Nxf3+ 13. Qxf3 Bd6 14. b4
O-O 15. Na5 cxb4 16. Nxb7 Be7 17. Qh5 Rab8 18. Na5 g6 19. Qe2 Qxa5 20. f4 Bc5
21. f5 Bxf5 22. Rxf5 gxf5 23. Qh5 Be7 24. Rf1 Qb6 25. Rxf5 Qg6 26. Qh3 Bg5 27.
Be4 Be3+ 28. Kg2 Qg7 29. Rh5 h6 30. g4 Rb6 31. Qg3 Rf6 32. h4 Re8 33. g5 Rf2+
34. Kh3 Qe5 0-1

[Event "Sponsor's Tournament"]
[Site "Monroe, Mich."]
[Date "1983.03.26"]
[Round "2"]
[White "Dlugas, Dan"]
[Black "Moody, David"]
[Result "1/2-1/2"]
[WhiteElo "1857"]
[BlackElo "1942"]
[PlyCount "117"]
[EventDate "1983.03.26"]

1. c4 e5 2. Nc3 Nc6 3. g3 Nf6 4. Bg2 Bb4 5. a3 Bxc3 6. bxc3 d6 7. d4 O-O 8. Nf3
Bf5 9. Nh4 Bd7 10. Rb1 Na5 11. c5 exd4 12. cxd4 d5 13. Bg5 Bc6 14. Nf5 h6 15.
Bf4 Nc4 16. Qc1 Qd7 17. Bh3 Kh8 18. Bxh6 Rg8 19. Bxg7+ Rxg7 20. Qh6+ Rh7 21.
Qxf6+ Kg8 22. Nh6+ Rxh6 23. Qxh6 Qe7 24. Bf5 f6 25. O-O Nxa3 26. Rb3 Nb5 27.
Re3 Qg7 28. Be6+ Kf8 29. Qf4 a5 30. h4 a4 31. h5 a3 32. h6 Qg5 33. h7 Kg7 34.
Bf5 Qxf4 35. gxf4 a2 36. Re7+ Kh8 37. Ra1 Nxd4 38. Bd3 Nb3 39. Rxa2 Rxa2 40.
Rxc7 Ra8 41. Rf7 Nxc5 42. Bf5 Ne4 43. Be6 d4 44. f3 Nc3 45. Bc4 Nd5 46. f5 b5
47. Bxd5 Bxd5 48. Rxf6 Kxh7 49. Rd6 Bc4 50. Rxd4 Bxe2 51. Kf2 Bc4 52. Ke3 Ra3+
53. Ke4 Kg7 54. f4 Kf6 55. Rd6+ Ke7 56. Rb6 Ra8 57. Ke5 Re8 58. Rb7+ Kf8+ 59.
Kf6 1/2-1/2

[Event "East Detroit Tornado (April)"]
[Site "East Detroit, Mich."]
[Date "1983.04.09"]
[Round "4"]
[White "Moody, David"]
[Black "Treat, John"]
[Result "1-0"]
[WhiteElo "1942"]
[BlackElo "1460"]
[PlyCount "89"]
[EventDate "1983.04.09"]

1. e4 e5 2. Nf3 Nc6 3. d4 exd4 4. Bc4 Bb4+ 5. c3 dxc3 6. O-O Nge7 7. a3 Bd6 8.
Nxc3 O-O 9. Bg5 Kh8 10. Nd5 f6 11. Bh4 Ng6 12. Ne3 Nce5 13. Nxe5 Bxe5 14. Bg3
Bxb2 15. Ra2 Bc3 16. f4 d6 17. Qh5 Bd7 18. Rf3 Be8 19. f5 Ne5 20. Qh4 Nxf3+ 21.
gxf3 Bd4 22. Bf4 Bxe3+ 23. Bxe3 Bf7 24. Bxf7 Rxf7 25. Rg2 Qe7 26. Rg3 d5 27.
Rh3 h6 28. Kf2 dxe4 29. fxe4 Qf8 30. Qh5 Re8 31. Rh4 c5 32. Qg6 b6 33. Bxh6
gxh6 34. Rxh6+ Qxh6 35. Qxh6+ Kg8 36. Qg6+ Kf8 37. Ke3 Rg7 38. Qxf6+ Rf7 39.
Qd6+ Kg7 40. Qg6+ Kf8 41. Kf4 c4 42. f6 c3 43. e5 Ree7 44. Qd3 Rc7 45. Qd8# 1-0

[Event "East Detroit Tornado (April)"]
[Site "East Detroit, Mich."]
[Date "1983.04.09"]
[Round "1"]
[White "Moody, David"]
[Black "Suess, John"]
[Result "1-0"]
[WhiteElo "1942"]
[BlackElo "1310"]
[PlyCount "67"]
[EventDate "1983.04.09"]

1. e4 e6 2. d4 Be7 3. Nf3 Nf6 4. Bd3 Nc6 5. c3 d6 6. h4 e5 7. Nbd2 Bg4 8. Qb3
Be6 9. d5 Bg4 10. dxc6 bxc6 11. Ng5 Rf8 12. f3 Rb8 13. Qc2 Bd7 14. Nc4 h6 15.
Nh3 Nh5 16. Nf2 Bxh4 17. g3 Nxg3 18. Rh2 Qf6 19. Be2 g5 20. Be3 c5 21. O-O-O
Ke7 22. Qd2 Bb5 23. Ng4 Qe6 24. b3 Rfd8 25. Bf1 f6 26. Nxh6 Nh5 27. Bh3 f5 28.
Bxg5+ Bxg5 29. Qxg5+ Nf6 30. Bxf5 Qg8 31. Nxg8+ Rxg8 32. Rh7+ Kd8 33. Qxf6+ Ke8
34. Qe7# 1-0

[Event "East Detroit Tornado (April)"]
[Site "East Detroit, Mich."]
[Date "1983.04.09"]
[Round "3"]
[White "Groeller, William"]
[Black "Moody, David"]
[Result "1-0"]
[WhiteElo "2039"]
[BlackElo "1942"]
[PlyCount "59"]
[EventDate "1983.04.09"]

1. e4 e5 2. Nf3 Nc6 3. Bb5 a6 4. Ba4 Nf6 5. O-O Be7 6. Re1 b5 7. Bb3 O-O 8. c3
d5 9. exd5 Nxd5 10. Nxe5 Nxe5 11. Rxe5 Bb7 12. d4 Bd6 13. Rxd5 Bxd5 14. Bxd5
Bxh2+ 15. Kxh2 Qxd5 16. Be3 Qd6+ 17. g3 f5 18. Bf4 Qe7 19. Nd2 g5 20. Be5 c5
21. Qh5 cxd4 22. cxd4 Rac8 23. Nf3 g4 24. Ne1 Rc6 25. Nd3 Rg6 26. Rc1 Rff6 27.
Rc8+ Kg7 28. Qxf5 Rh6+ 29. Kg1 Qb7 30. Qxg4+ 1-0

[Event "East Detroit Tornado (April)"]
[Site "East Detroit, Mich."]
[Date "1983.04.09"]
[Round "2"]
[White "Finegold, Ben"]
[Black "Moody, David"]
[Result "1/2-1/2"]
[WhiteElo "2095"]
[BlackElo "1942"]
[PlyCount "57"]
[EventDate "1983.04.09"]

1. e4 e5 2. Nf3 Nc6 3. Nc3 Nf6 4. d4 Bb4 5. Bg5 h6 6. Bxf6 Qxf6 7. d5 Ne7 8.
Be2 O-O 9. O-O d6 10. Ne1 Ng6 11. Nd3 Bxc3 12. bxc3 Qg5 13. Qc1 Qxc1 14. Raxc1
Bd7 15. Rb1 b6 16. Bh5 Ne7 17. f4 f5 18. fxe5 fxe4 19. e6 g6 20. exd7 exd3 21.
Rbe1 dxc2 22. Bg4 Nf5 23. Rc1 Rad8 24. h4 h5 25. Bxf5 Rxf5 26. Rxf5 gxf5 27.
Rxc2 Rxd7 28. Rf2 Rf7 29. Re2 1/2-1/2

[Event "Bellis Underhill Memorial"]
[Site "Toledo, Ohio"]
[Date "1983.04.16"]
[Round "1"]
[White "Moody, David"]
[Black "Sprague, Hubert"]
[Result "1-0"]
[WhiteElo "1942"]
[BlackElo "1074"]
[PlyCount "33"]
[EventDate "1983.04.16"]

1. e4 e5 2. Nf3 Nc6 3. Bc4 h6 4. O-O Nf6 5. d4 d5 6. exd5 Nxd5 7. Nxe5 Be6 8.
Re1 Bb4 9. c3 Ba5 10. Nxf7 Kxf7 11. Qf3+ Ke7 12. Bxd5 Nxd4 13. Qe4 Qxd5 14.
Qxd5 Nc2 15. Qxe6+ Kf8 16. Qf5+ Kg8 17. Qxc2 1-0

[Event "Bellis Underhill Memorial"]
[Site "Toledo, Ohio"]
[Date "1983.04.16"]
[Round "3"]
[White "Moody, David"]
[Black "Newton, George"]
[Result "1-0"]
[WhiteElo "1942"]
[BlackElo "1493"]
[PlyCount "83"]
[EventDate "1983.04.16"]

1. e4 e5 2. Nf3 Nc6 3. d4 exd4 4. Bc4 Nf6 5. O-O Bc5 6. e5 d5 7. exf6 dxc4 8.
Re1+ Be6 9. Ng5 Kd7 10. Nxf7 Qxf6 11. Nxh8 Rf8 12. Nc3 d3 13. Ne4 Bxf2+ 14.
Nxf2 Qxf2+ 15. Kh1 Qxc2 16. Qxc2 dxc2 17. Bd2 Rxh8 18. Bc3 Bd5 19. Re2 Re8 20.
Rxc2 g6 21. Rd2 Ne7 22. Bb4 c6 23. Re1 Nf5 24. Rxe8 Kxe8 25. Bc3 Kd7 26. Kg1
Kd6 27. Kf2 c5 28. g4 Ne7 29. Kg3 b5 30. Kf4 Nc6 31. Kg5 b4 32. Bg7 Ne5 33. Kh6
Nxg4+ 34. Kxh7 c3 35. bxc3 bxc3 36. Bxc3 Ke6 37. Kxg6 Be4+ 38. Kg5 Ne5 39. Kf4
Nc4 40. Kxe4 Nxd2+ 41. Bxd2 a6 42. h4 1-0

[Event "Bellis Underhill Memorial"]
[Site "Toledo, Ohio"]
[Date "1983.04.16"]
[Round "2"]
[White "Boyk, Dan"]
[Black "Moody, David"]
[Result "1-0"]
[WhiteElo "2188"]
[BlackElo "1942"]
[PlyCount "49"]
[EventDate "1983.04.16"]

1. e4 e5 2. Nf3 Nc6 3. d4 exd4 4. Bb5 Bc5 5. O-O Nf6 6. e5 Nd5 7. c3 a6 8. cxd4
Be7 9. Ba4 O-O 10. Bb3 Nb6 11. d5 Nb8 12. d6 cxd6 13. exd6 Bf6 14. Nc3 a5 15.
a4 Ra6 16. Re1 Na8 17. Bc4 Rc6 18. Bd5 Rxd6 19. Bxf7+ Rxf7 20. Qxd6 Nc6 21. Nd5
Qf8 22. Qxf8+ Kxf8 23. Bf4 g6 24. Nxf6 Rxf6 25. Bh6+ 1-0

[Event "Bellis Underhill Memorial"]
[Site "Toledo, Ohio"]
[Date "1983.04.17"]
[Round "5"]
[White "Moody, David"]
[Black "Kay, John"]
[Result "1-0"]
[WhiteElo "1942"]
[BlackElo "1418"]
[PlyCount "59"]
[EventDate "1983.04.16"]

1. e4 c6 2. d3 e5 3. Nf3 d6 4. Nbd2 Nf6 5. g3 Bg4 6. h3 Bh5 7. Bg2 Be7 8. O-O
O-O 9. Nc4 Nbd7 10. Ne3 Bxf3 11. Bxf3 Re8 12. Nf5 Bf8 13. Bg5 g6 14. Nh6+ Kg7
15. Qd2 Re7 16. Bg4 Kh8 17. Bxd7 Rxd7 18. f4 Bxh6 19. Bxh6 Ng8 20. Bg5 f6 21.
Bh4 Rf7 22. fxe5 dxe5 23. Qf2 Qd4 24. Qxd4 exd4 25. g4 Kg7 26. Rf3 Re8 27. Raf1
Re6 28. g5 h5 29. gxf6+ Nxf6 30. e5 1-0

[Event "Bellis Underhill Memorial"]
[Site "Toledo, Ohio"]
[Date "1983.04.17"]
[Round "4"]
[White "Gregor, Paul"]
[Black "Moody, David"]
[Result "1-0"]
[WhiteElo "2199"]
[BlackElo "1942"]
[PlyCount "79"]
[EventDate "1983.04.16"]

1. e4 e5 2. Nf3 Nc6 3. Bb5 a6 4. Ba4 Nf6 5. O-O Be7 6. Re1 b5 7. Bb3 d6 8. c3
O-O 9. d4 Na5 10. dxe5 dxe5 11. Nxe5 Nxb3 12. Qxb3 Bb7 13. Nd2 Bc5 14. h3 Qd6
15. Nef3 Qg3 16. Nd4 Qg6 17. Qc2 Rfe8 18. f3 Bc8 19. Kf2 Nh5 20. Nf1 f5 21. b4
Bb6 22. e5 Be6 23. Kg1 Rad8 24. Be3 Bd5 25. f4 c5 26. bxc5 Bxc5 27. g4 Be4 28.
Qe2 b4 29. Kh2 fxg4 30. hxg4 Bd3 31. gxh5 Bxe2 32. hxg6 Bxf1 33. gxh7+ Kxh7 34.
Rxf1 bxc3 35. Rfd1 Rb8 36. Rac1 Rb2+ 37. Kg3 Rd8 38. Rxc3 Bb6 39. a3 Rh8 40.
Rh1+ 1-0

[Event "Michigan Amateur"]
[Site "Allendale, Mich."]
[Date "1983.04.23"]
[Round "2"]
[White "Skidmore, Mike"]
[Black "Moody, David"]
[Result "1-0"]
[WhiteElo "1837"]
[BlackElo "1975"]
[PlyCount "81"]
[EventDate "1983.04.23"]

1. e4 e5 2. Nf3 Nc6 3. Bb5 a6 4. Ba4 Nf6 5. O-O Be7 6. Re1 b5 7. Bb3 O-O 8. d3
d6 9. Nbd2 Na5 10. Nf1 Nxb3 11. axb3 Re8 12. h3 Bf8 13. Bg5 h6 14. Bd2 Kh7 15.
Ng3 g6 16. Qc1 Bb7 17. c4 c5 18. Nh2 Bg7 19. Nf3 Bc6 20. Nh2 bxc4 21. bxc4 Qb6
22. Ng4 Ng8 23. Nh2 Qb7 24. h4 f5 25. h5 fxe4 26. hxg6+ Kxg6 27. dxe4 Nf6 28.
f3 Bd7 29. Nhf1 Ng8 30. Ne3 Ne7 31. Kf2 Kh7 32. Rh1 Ng6 33. Nef5 Bxf5 34. Nxf5
Nf4 35. Qc2 Qxb2 36. Qxb2 Nd3+ 37. Ke2 Nxb2 38. Bxh6 Bxh6 39. Rxh6+ Kg8 40.
Rah1 Red8 41. Rg6+ 1-0

[Event "Michigan Amateur"]
[Site "Allendale, Mich."]
[Date "1983.04.23"]
[Round "1"]
[White "Moody, David"]
[Black "Johnson, Brian"]
[Result "1-0"]
[WhiteElo "1975"]
[BlackElo "1535"]
[PlyCount "71"]
[EventDate "1983.04.23"]

1. e4 c5 2. Nf3 d6 3. d4 cxd4 4. Nxd4 e6 5. c4 a6 6. Be3 Qa5+ 7. Nc3 Nf6 8. Nb3
Qc7 9. Be2 Be7 10. Qd2 O-O 11. g4 Nc6 12. g5 Ne8 13. f4 g6 14. O-O-O f5 15. h4
Rf7 16. h5 Bf8 17. hxg6 hxg6 18. Rh4 Rh7 19. Rdh1 Rxh4 20. Rxh4 Bg7 21. exf5
exf5 22. Nd5 Qf7 23. Bf3 Be6 24. Qh2 Nc7 25. Qh1 Kf8 26. Rh8+ Bxh8 27. Qxh8+
Qg8 28. Qh6+ Kf7 29. Nxc7 Re8 30. Nxe6 Nb4 31. Bd5 Nxd5 32. cxd5 Re7 33. Bb6
Ke8 34. Qh3 Rh7 35. Qc3 Rd7 36. Qc8+ 1-0